000 00843nas a2200265 4500
001 BR2016001665
003 BR-BrBNA
005 20231205130308.0
007 ta
008 230509b bl.|||p| |||| 00| 00por d
040 _aBR-BrBNA
_bpor
_cBiblioteca Nacional de Agricultura
041 _a(En)
072 _aF03
100 1 _aFreire, J.M.
100 1 _aPiña-Rodrigues, F.C.M.
100 1 _aSantos, A.L.F. dos
100 1 _aPereira, M.B.
245 1 _aIntra-and inter-population variation in seed size and dormancy in Schizolobium parahiba (Vell.)Blake in the Atlantic Forest
650 _aSEMENTE
650 _aGERMINACAO
650 _aRIO DE JANEIRO
773 0 _tCiência Florestal (Brazil)
_xISSN 0103-9954
_g(Dez 2015), v. 25(4) p. 897-907
_wBR2016001665
909 _a202311
_bLúcia
_c55
_dLúcia Elande
942 _2AGRIS
_n0
_cANA
999 _c248707
_d248707